Economía: con aplicaciones a Latinoamérica
Guardat en:
| Autors principals: | , |
|---|---|
| Format: | Llibre |
| Idioma: | espanyol |
| Publicat: |
Cuernavaca
McGraw-Hill
2010
|
| Edició: | 9a. ed |
| Matèries: | |
| Etiquetes: |
Afegir etiqueta
Sense etiquetes, Sigues el primer a etiquetar aquest registre!
|
MARC
| LEADER | 00000cam a2200000 a 4500 | ||
|---|---|---|---|
| 001 | UCG5073 | ||
| 003 | CL-VaPUC | ||
| 005 | 20240606124732.0 | ||
| 008 | 101230e20100000MX |||||||||||||||||spa|d | ||
| 999 | |c 343645 |d 343643 | ||
| 020 | |a 9786071503336 | ||
| 040 | |c Pontificia Universidad Católica de Valparaíso | ||
| 082 | 0 | 4 | |a 330 |b SAM |2 21 |
| 100 | 0 | |a Samuelson, Paul A |e author |9 554618 | |
| 245 | 1 | 0 | |a Economía: con aplicaciones a Latinoamérica |
| 250 | |a 9a. ed | ||
| 260 | |a Cuernavaca |b McGraw-Hill |c 2010 | ||
| 300 | |a 716 p | ||
| 500 | |a Traducción de la 19a. ed. en inglés | ||
| 583 | |a last modification |c 20150107 04:29:32 |k Rodrigo Vera | ||
| 650 | 0 | |a Economía |9 255568 | |
| 650 | 0 | |a Macroeconomía |9 260301 | |
| 650 | 0 | |a Microeconomía |9 258126 | |
| 650 | 0 | |a Desarrollo económico |9 259599 | |
| 650 | 0 | |a Mercado de trabajo |9 879563 | |
| 700 | 0 | |a Nordhaus, William D |e author |9 554619 | |
| 942 | |c BK |2 ddc | ||
| 945 | |d 20101230 00:00:00 |a dcastane | ||
| 952 | |0 0 |1 0 |4 0 |6 330_000000000000000_SAM_2010 |7 0 |8 R |9 441111 |a BIBENE |b BIBENE |d 2019-11-22 |i 4745078 |l 2 |o 330 SAM 2010 |p 4745078 |r 2025-03-25 |s 2025-03-25 |w 2019-11-22 |y BK_R |k ICO | ||
| 952 | |0 0 |1 0 |3 erb |4 0 |6 330_000000000000000_SAM_2010 |7 0 |8 R |9 441113 |a BIBGIM |b BIBGIM |i 5134366 |l 10 |m 2 |o 330 SAM 2010 |p 5134366 |r 2025-01-15 |s 2023-09-26 |w 2019-11-22 |y BK_R |z Catalogado en:20150109 |k SSL | ||
| 952 | |0 0 |1 0 |3 erb |4 0 |6 330_000000000000000_SAM_2010 |7 0 |8 A |9 441114 |a BIBCUR |b BIBCUR |i 5289483 |o 330 SAM 2010 |p 5289483 |r 2025-04-22 |w 2019-11-22 |y BK |z Catalogado en:20160603 |k PER | ||